21世紀を拓くバイオインダストリー : その展望と課題
Saved in:
| Corporate Author: | |
|---|---|
| Format: | Book |
| Language: | Undetermined |
| Published: |
東京
通商産業調査会
1984
|
| Subjects: | |
| Tags: |
Add Tag
No Tags, Be the first to tag this record!
|
| Institutions: | Trung tâm Học liệu Trường Đại học Cần Thơ |
|---|
| LEADER | 00564nam a2200193Ia 4500 | ||
|---|---|---|---|
| 001 | CTU_85478 | ||
| 008 | 210402s9999 xx 000 0 und d | ||
| 082 | |a 660.6 | ||
| 082 | |b T882 | ||
| 110 | |a 通商産業省基礎産業局 | ||
| 245 | 0 | |a 21世紀を拓くバイオインダストリー : | |
| 245 | 0 | |b その展望と課題 | |
| 245 | 0 | |c 通商産業省基礎産業局 | |
| 260 | |a 東京 | ||
| 260 | |b 通商産業調査会 | ||
| 260 | |c 1984 | ||
| 650 | |a Biotechnology | ||
| 904 | |i Ngoc | ||
| 980 | |a Trung tâm Học liệu Trường Đại học Cần Thơ | ||